000 01250nam a22003497a 4500
003 CHAP
005 20220329141038.0
008 971013s1997 r 00010 d
010 _a61783
011 _a62755
035 _a66930
040 _cCHAP
090 _aTesis
100 0 0 _aCastro García, Fulgencio Humberto.
_920362
245 _aEvaluación nutrimental de cuatro variedades de jitomate (Lycopercicon esculemtum Mill.) bajo condiciones de invernadero hidropónico
260 _aChapingo, Méx. :
_bEl autor,
_c1997
300 _a54 h.
_b; gráfs.
502 _aTesis (Ing. Agr. Esp. en Fitotecnia) -- UACH. Departamento de Fitotecnia
590 _aALEPH
_b10
_c20130110
_lUCH01
_h1344
590 _aBATCH-UPD
_b10
_c20130110
_lUCH01
_h0800
590 _aBATCH-UPD
_b10
_c20130410
_lUCH01
_h0439
590 _aBATCH-UPD
_b10
_c20130914
_lUCH01
_h0859
590 _aCONVERSION
_b10
_c20130109
_lUCH01
_h1333
650 1 4 _aCultivos en invernadero.
_930376
650 1 4 _aHidroponía.
_955280
650 1 4 _aTomate
_xElementos minerales.
_9113709
650 1 4 _aTomate
_xVariedades.
_9113777
901 _aBK
942 _cFOLL
949 _bBC
_cTES
_d-152174
_eTS1
_h30804
_i66930
_si
949 _bBC
_cTES
_d33724000603809
_eTS2
_fc.2
_h30805
_i66930
_si
999 _c61783
_d61783